Вольтамперометрическое поведение наночастиц на основа Fe2O3 и разработка методик их определения в модельных растворах желудочного сока; Химия и химическая технология в XXI веке

Dades bibliogràfiques
Parent link:Химия и химическая технология в XXI веке.— 2017.— [С. 218-219]
Autor principal: Остапенко М. С.
Autor corporatiu: Национальный исследовательский Томский политехнический университет (ТПУ) Институт природных ресурсов (ИПР) Кафедра физической и аналитической химии (ФАХ)
Altres autors: Дубова Н. М. Надежда Михайловна (научный руководитель)
Sumari:Заглавие с экрана
Idioma:rus
Publicat: 2017
Col·lecció:Теоретические и прикладные аспекты физической и аналитической химии
Matèries:
Accés en línia:http://earchive.tpu.ru/handle/11683/41790
Format: Electrònic Capítol de llibre
KOHA link:https://koha.lib.tpu.ru/cgi-bin/koha/opac-detail.pl?biblionumber=622889

MARC

LEADER 00000naa2a2200000 4500
001 622889
005 20231101133232.0
035 |a (RuTPU)RU\TPU\conf\21705 
035 |a RU\TPU\conf\21704 
090 |a 622889 
100 |a 20170713d2017 k y0rusy50 ca 
101 0 |a rus 
102 |a RU 
105 |a y z 101zy 
135 |a drgn ---uucaa 
181 0 |a i  
182 0 |a b 
200 1 |a Вольтамперометрическое поведение наночастиц на основа Fe2O3 и разработка методик их определения в модельных растворах желудочного сока  |f М. С. Остапенко  |g науч. рук. Н. М. Дубова 
203 |a Текст  |c электронный 
225 1 |a Теоретические и прикладные аспекты физической и аналитической химии 
230 |a 1 компьютерный файл (pdf; 572 Kb) 
300 |a Заглавие с экрана 
320 |a [Библиогр.: с. 219 (3 назв.)] 
463 0 |0 (RuTPU)RU\TPU\conf\21448  |t Химия и химическая технология в XXI веке  |o материалы XVIII Международной научно-практической конференции студентов и молодых ученых имени профессора Л.П. Кулёва, 29 мая-1 июня 2017 г., г. Томск  |f Национальный исследовательский Томский политехнический университет (ТПУ) ; Институт природных ресурсов (ИПР) ; Институт физики высоких технологий (ИФВТ) ; Физико-технический институт (ФТИ)  |v [С. 218-219]  |d 2017 
610 1 |a труды учёных ТПУ 
610 1 |a электронный ресурс 
610 1 |a наночастицы 
610 1 |a вольтамперометрия 
610 1 |a электронные поля 
610 1 |a катодная поляризация 
610 1 |a анодная поляризация 
700 1 |a Остапенко  |b М. С. 
702 1 |a Дубова  |b Н. М.  |c химик  |c доцент Томского политехнического университета, кандидат химических наук  |f 1952-  |g Надежда Михайловна  |2 stltpush  |4 727 
712 0 2 |a Национальный исследовательский Томский политехнический университет (ТПУ)  |b Институт природных ресурсов (ИПР)  |b Кафедра физической и аналитической химии (ФАХ)  |h 94  |2 stltpush  |3 (RuTPU)RU\TPU\col\18656 
801 2 |a RU  |b 63413507  |c 20170726  |g RCR 
856 4 |u http://earchive.tpu.ru/handle/11683/41790 
942 |c BK